000 00785nam a2200205 i 4500
001 75970
003 ES-MaACL
005 20230906172655.0
007 t|
008 040928s1948 sp ||||1| spa d
100 1 _aGraybiel, Ashton.
_959808
245 1 3 _aLa electrocardiografía en la práctica /
_cAshton Graybiel y Paul D. White con la colaboración de Luisa Wheeler y de Conger Williams ; [traducción y adaptación de la segunda edición en idioma inglés por Juan Guijosa Pernús].
260 _aMadrid :
_bEspasa-Calpe,
_c1948.
300 _aXI, 460 p. :
_bil. ;
_c28 cm.
700 1 _aWhite, Paul D.
_9116681
700 1 _aWheeler, Luisa.
_9116624
700 1 _aWilliams, Conger.
_9116917
700 1 _aGuijosa Pernús, Juan.
_960682
852 _aES-MaACL
_jD-6972
_bR.27004
999 _c75970
_d75970